Statistiques concernant Nicolas célèbres

Cliquez ici pour prendre le quiz!

Statistiques générales

  • Ce quiz a été pris 171 fois
  • Le résultat moyen est 6 sur 10

Statistiques - réponses

DescriptifRéponse% Correct
Président de la République Française de 2007 à 2012.Sarkozy
97%
Astronome polonais ayant été l'un des premiers à avoir défendu la théorie de l'héliocentrisme.Copernic
86%
Dernier empereur de Russie.II
80%
Acteur américain ayant notamment joué dans À tombeau ouvert et Leaving Las Vegas pour lequel il remporte l'Oscar du meilleur acteur.Cage
66%
Basketteur français ailier de 2m03 champion d'Europe en 2013 et médaillé d'argent aux Jeux Olympiques de Tokyo en 2021.Batum
53%
Fils d'humoriste français, ayant réalisé et scénarisé La Belle époque.Bedos
53%
Humaniste italien de la Renaissance, fondateur du Réalisme politique et auteur des livres Le Prince et Discours sur la première décade de Tite-Live.Machiavel
47%
Bourgeois parisien à qui est attribué le mythe de la création de la pierre philosophale dans la culture populaire.Flamel
40%
Peintre français représentant du classicisme pictural ayant réalisé L'enlèvement des Sabines et Le jugement de Salomon.Poussin
28%
Passionné par le Grand Nord, explorateur ayant par ailleurs réalisé Belle et Sébastien.Vanier
19%

Distribution des résultats

Percentile par nombre de réponses

% des personnes avec chaque résultat

Votre développement - résultats

Vous n’avez pas pris ce quiz